[Event "Bad Lauterberg"]
[Site "Bad Lauterberg"]
[Date "1977.??.??"]
[Round "13"]
[White "Csom, Istvan"]
[Black "Wockenfuss, Klaus"]
[Result "1/2-1/2"]
[WhiteElo "2535"]
[BlackElo "2350"]

1.Nf3 g6 2.d4 Bg7 3.c4 c5 4.g3 cxd4 5.Nxd4 Nc6 6.Nc2 d6 7.Bg2 Nf6 8.Nc3 O-O
9.O-O Be6 10.Ne3 Qd7 11.Re1 Bh3 12.Bh1 Nh5 13.Ned5 e6 14.Nf4 Nxf4 15.Bxf4 e5
16.Bd2 f5 17.Qa4 e4 18.Rad1 Rad8 19.Bg5 Rde8 20.Bf4 Be5 21.c5 Bxf4 22.gxf4 e3
23.Rxd6 Qe7 24.Qb3+ Rf7 25.Nd5 Qh4 26.Nxe3 Qxf4 27.Nd5 Rxe2 28.Nf6+ Kh8 29.Rxe2 Qg5+
30.Ng4 Qxg4+ 31.Qg3 Qxe2 32.Qxh3 Qe1+ 33.Qf1 Qb4 34.Bxc6 bxc6 35.Qc1 Qg4+
36.Kf1 Qh3+ 37.Ke2 Re7+ 38.Kd2 Qxh2 39.Rd8+ Kg7 40.Qc3+ Kh6 41.Qg3 Qxg3 42.fxg3 Rc7
43.b4 Kg5 44.Rd4 Kf6 45.Rd6+ Ke5 46.Ke3 g5 47.Rh6 g4 48.a3 a5 49.bxa5 Ra7
50.Rxc6 Rxa5 51.Rh6 Rxa3+ 52.Kf2 Ra2+ 53.Ke3 Rg2 54.c6 Rxg3+ 55.Kd2 Rg2+
56.Kd3 Rg3+ 57.Kd2 Ra3 58.c7 Ra8 59.Rxh7 Kf4 60.Rd7 Rc8 61.Ke2 Kg3 62.Kf1 f4
63.Rd3+ f3 64.Rc3 Rh8 65.Kg1 Re8 66.Rc1 Rc8 67.Rc4 Kh3 68.Rc3  1/2-1/2

[Event "Bad Lauterberg"]
[Site "Bad Lauterberg"]
[Date "1977.??.??"]
[Round "13"]
[White "Gligoric, Svetozar"]
[Black "Karpov, Anatoly"]
[Result "1/2-1/2"]
[WhiteElo "2565"]
[BlackElo "2690"]

1.d4 Nf6 2.c4 e6 3.Nc3 Bb4 4.e3 c5 5.Bd3 O-O 6.Nf3 d5 7.O-O cxd4 8.exd4 dxc4
9.Bxc4 b6 10.Bg5 Bb7 11.Re1 Nc6 12.a3 Be7 13.Ba2 Nd5 14.Bd2 Nxc3  1/2-1/2

[Event "Bad Lauterberg"]
[Site "Bad Lauterberg"]
[Date "1977.??.??"]
[Round "13"]
[White "Torre, Eugenio"]
[Black "Sosonko, Gennadi"]
[Result "1/2-1/2"]
[WhiteElo "2550"]
[BlackElo "2530"]

1.e4 c5 2.Nf3 d6 3.d4 cxd4 4.Nxd4 Nf6 5.Nc3 g6 6.Be2 Bg7 7.O-O Nc6 8.Nb3 O-O
9.Bg5 Be6 10.Kh1 Nd7 11.f4 Nb6 12.f5 Bc4 13.a4 a6 14.a5 Bxe2 15.Qxe2 Nd7
16.Rad1 h6 17.Bd2 Nxa5 18.Nxa5 Qxa5 19.Nd5 Qd8 20.fxg6 fxg6 21.Nf4 Qe8 22.Ne6 Rxf1+
23.Rxf1 Rc8 24.Qe3 Bf6 25.Qxh6 Qf7 26.Qh3 Nf8 27.Ng5 Qc4 28.Qf3 Ne6 29.b3 Nxg5
30.Bxg5 Qxc2 31.Bxf6 exf6 32.Qxf6 Qxe4 33.h3 Re8  1/2-1/2

[Event "Bad Lauterberg"]
[Site "Bad Lauterberg"]
[Date "1977.??.??"]
[Round "14"]
[White "Furman, Semen Abramovich"]
[Black "Torre, Eugenio"]
[Result "0-1"]
[WhiteElo "2535"]
[BlackElo "2550"]

1.Nf3 Nf6 2.c4 d6 3.g3 e5 4.Bg2 c6 5.Nc3 Nbd7 6.O-O Be7 7.e4 O-O 8.d4 a6
9.b3 b5 10.cxb5 axb5 11.Qc2 Bb7 12.Rd1 Qb8 13.h3 Rc8 14.Be3 Bf8 15.a4 exd4
16.Nxd4 b4 17.Nce2 c5 18.Nf5 Re8 19.f3 d5 20.exd5 Nxd5 21.Nf4 Nxe3 22.Nxe3 Rxe3
23.Rxd7 Qe5 24.Rad1 Bc8 25.Rd8 Bf5 26.Qc4 Re1+ 27.Kh2 Rxd8 28.Rxd8 Qe3 29.g4 Rc1
30.Qxc1 Qxc1 31.Nd5 Qg5 32.Rxf8+ Kxf8 33.f4 Qd8 34.gxf5 c4 35.bxc4 b3 36.Be4 b2
37.Kg3 Qe8 38.Kf3 Qxa4 39.Ne3 Qb4 40.f6 g6 41.f5 b1=Q 42.Bxb1 Qxb1 43.Kf4 Qb2
44.Ng4 Qd4+ 45.Kg5 h5 46.fxg6 hxg4 47.g7+ Kg8  0-1

[Event "Bad Lauterberg"]
[Site "Bad Lauterberg"]
[Date "1977.??.??"]
[Round "15"]
[White "Torre, Eugenio"]
[Black "Karpov, Anatoly"]
[Result "0-1"]
[WhiteElo "2550"]
[BlackElo "2690"]

1.e4 c5 2.Nf3 e6 3.d4 cxd4 4.Nxd4 a6 5.c4 Qc7 6.a3 Nf6 7.Nc3 Nc6 8.Be3 Be7
9.Rc1 Ne5 10.Be2 Ng6 11.O-O b6 12.f4 O-O 13.b4 Bb7 14.Bd3 Rac8 15.Nb3 d6
16.Qe2 Rfe8 17.h3 Nd7 18.Qf2 Ba8 19.Rc2 Qb8 20.Rfc1 Bh4 21.g3 Bd8 22.Nd2 Bf6
23.h4 h6 24.h5 Ngf8 25.g4 Nh7 26.e5 dxe5 27.g5 exf4 28.Bxf4 Be5 29.g6 fxg6
30.hxg6 Bxf4 31.gxh7+ Kh8 32.Rf1 Rf8 33.Be4 Ne5 34.Qg2 Nxc4  0-1

[Event "Bad Lauterberg"]
[Site "Bad Lauterberg"]
[Date "1977.??.??"]
[Round "15"]
[White "Csom, Istvan"]
[Black "Liberzon, Vladimir M"]
[Result "1-0"]
[WhiteElo "2535"]
[BlackElo "2550"]

1.d4 Nf6 2.c4 g6 3.g3 Bg7 4.Bg2 O-O 5.Nc3 d6 6.Nf3 Nc6 7.O-O Rb8 8.b3 a6
9.Bb2 b5 10.cxb5 axb5 11.Rc1 Bd7 12.Ne1 Na5 13.Nd3 Ne8 14.Nd5 c6 15.N5b4 Qb6
16.Qd2 Nc7 17.e3 Na6 18.Rc2 Nxb4 19.Nxb4 Rfc8 20.Rfc1 e6 21.e4 Be8 22.Nd3 Rd8
23.Qe3 b4 24.e5 d5 25.h4 Nb7 26.h5 Ra8 27.Ba1 Ra5 28.Bh3 Rda8 29.Kg2 Rxa2
30.Bb2 Bf8 31.hxg6 hxg6 32.Rh1 Qd8 33.Bg4 R2a5 34.Qc1 Rc8 35.Qg1 Bg7 36.Qh2 c5
37.Bc1 Kf8 38.Bd2 Bb5 39.Nf4 Ra6 40.Qh7 Qd7 41.Rhc1 Rac6 42.Ra2 Qe7 43.Ra7 Qc7
44.Nxg6+ fxg6 45.Bh6 Bxh6 46.Qxh6+ Ke8 47.Qxg6+ Kd8 48.Qf6+ Kd7 49.Rxb7  1-0